|
|
|
|
| LEADER |
00000nam a22000007a 4500 |
| 005 |
2011091909149.0 |
| 008 |
110919s2009 be ||||s|||| 00| 0 fre d |
| 020 |
|
|
|a 978-87496-089-5
|
| 035 |
|
|
|a 4818
|
| 040 |
|
|
|a vLex
|
| 090 |
|
|
|c 2495
|d 2495
|
| 100 |
1 |
|
|a Ceulemans, Michel
|
| 245 |
1 |
0 |
|a Immobilier et T.V.A.
|h [Recurso electrn̤cio] /
|c Michel Ceulemans
|
| 256 |
|
|
|a Servicio en ln̕ea.
|
| 260 |
|
|
|a [Bľgica] :
|b Edipro,
|c 2009.
|
| 300 |
|
|
|a 1 recurso electrn̤ico
|
| 500 |
|
|
|a Acheter, construire, louer, transformer, rp̌arer, agrandir... Qui ne souhaite pas s’engager au moins une fois dans sa vie dans un projet immobilier ? Une dm̌arche pensě et rf̌lčhie parce qu’elle implique d’importants budgets et s’ťale souvent sur plusieurs anněs. La fiscalit ̌constitue une part non nǧligeable de ces budgets : droits d’enregistrement, impt̥ direct, prčompte immobilier, mais surtout la T.V.A. qui intřesse aussi bien l’entreprise...
|
| 506 |
1 |
|
|a Contenido solo disponible en los productos indicados
|d vLex Global
|d vLex Global (Academic Edition, excluding Law Schools)
|d vLex Global (U.S. Academic Edition, Law Schools)
|d vLex Global (U.S. Academic Edition, excluding Law Schools)
|d vLex Global (Academic Edition, Law Schools)
|
| 650 |
0 |
4 |
|a Bienes inmuebles
|z Bľgica
|
| 740 |
0 |
|
|a vLex Libros (Servicio en ln̕ea)
|
| 856 |
4 |
0 |
|u http://vlex.com/source/immobilier-tva-4818
|z Acceso restringido
|
| 942 |
|
|
|c BOOK
|